Voyage to the volcano / (Record no. 5292)

MARC details
000 -LEADER
fixed length control field 01226nam a22003017a 4500
001 - CONTROL NUMBER
control field 5292
003 - CONTROL NUMBER IDENTIFIER
control field FISKH
005 - DATE AND TIME OF LATEST TRANSACTION
control field 20251126120008.0
008 - FIXED-LENGTH DATA ELEMENTS--GENERAL INFORMATION
fixed length control field 241125b cb ||||| |||| 00| 0 eng d
020 ## - INTERNATIONAL STANDARD BOOK NUMBER
International Standard Book Number 9780439429351
040 ## - CATALOGING SOURCE
Original cataloging agency FISKH
Language of cataloging eng
Transcribing agency FISKH
Modifying agency FISKH
050 ## - LIBRARY OF CONGRESS CALL NUMBER
Classification number PZ7.S78612
082 ## - DEWEY DECIMAL CLASSIFICATION NUMBER
Classification number 551.21
100 ## - MAIN ENTRY--PERSONAL NAME
Personal name Stamper, Judith
Dates associated with a name (1947-)
245 ## - TITLE STATEMENT
Title Voyage to the volcano /
250 ## - EDITION STATEMENT
Edition statement Published in 2003
260 ## - PUBLICATION, DISTRIBUTION, ETC.
Place of publication, distribution, etc. New York :
Name of publisher, distributor, etc. Scholastic,
Date of publication, distribution, etc. 2003.
300 ## - PHYSICAL DESCRIPTION
Extent 87 pages :
Other physical details Illustrations ;
Dimensions 20 cm
505 ## - FORMATTED CONTENTS NOTE
Formatted contents note R<br/>
520 ## - SUMMARY, ETC.
Summary, etc. Hi, I'm Dorothy Ann, one of the kids in Ms. Frizzle's class. When we started learning about volcanoes, I thought we'd just be studying them in books -- but Ms. Frizzle had other ideas. She took us all the way to Hawaii, where we waded through lava and saw a real volcano blow its top. We had a great time -- even though the trip was sometimes almost too hot to handle! One thing's for sure: This was one explosive adventure that none of us will ever forget!.
521 8# - TARGET AUDIENCE NOTE
Target audience note 680L<br/>
Source Lexile<br/>
521 8# - TARGET AUDIENCE NOTE
Target audience note R<br/>
Source Raz-Plus<br/>
650 ## - SUBJECT ADDED ENTRY--TOPICAL TERM
Source of heading or term Chapter book
Topical term or geographic name entry element Geology
650 ## - SUBJECT ADDED ENTRY--TOPICAL TERM
Source of heading or term Fiction
Topical term or geographic name entry element Science
700 ## - ADDED ENTRY--PERSONAL NAME
Personal name Speirs, John
Dates associated with a name Illustrator
942 ## - ADDED ENTRY ELEMENTS (KOHA)
Source of classification or shelving scheme Dewey Decimal Classification
Koha item type Books
Suppress in OPAC No
Holdings
Withdrawn status Lost status Source of classification or shelving scheme Damaged status Not for loan Collection Home library Current library Shelving location Date acquired Total Checkouts Full call number Barcode Date last seen Copy number Price effective from Koha item type Date last checked out
    Dewey Decimal Classification     Fiction Footprints International School Library Network Toul Kork Campus Footprints International School Library Network Toul Kork Campus TK Primary Library Room(4th Floor), Bookcase 5&6, Shelves 33-56, Orange Books 11/25/2024   STA 551.21 PZ7.S78612 FISTK01905 11/25/2024 1 11/25/2024 Books  
    Dewey Decimal Classification     Fiction Footprints International School Library Network Toul Kork Campus Footprints International School Library Network Toul Kork Campus TTP Primary Orange Bookshelves 02/13/2025   STA 551.21 PZ7.S78612 2025-0550 02/13/2025 2 02/13/2025 Books  
    Dewey Decimal Classification     Fiction Footprints International School Library Network Toul Tom Poung Campus Footprints International School Library Network Toul Tom Poung Campus TTP Primary Orange Bookshelves 02/13/2025 1 STA 551.21 PZ7.S78612 2025-0551 11/26/2025 3 02/13/2025 Books 11/12/2025